000 01009na a2200277 4500
001 16428
003 MIRAKIL
005 20181213155056.0
008 161006b tu 000 0
035 _a16428
040 _aMilas
_btur
_cTR-AnCHP
041 _ager
082 _a324.243072
_bS62d 1990
090 _a324.243072 S62d 1990
110 _aAlmanya Sosyal Demokrat Partisi (SPD)
245 _aDer neue weg
_bökologisch, sozial, wirtschaftlich stark
_cAlmanya Sosyal Demokrat Partisi (SPD)
246 _aregierungsprogramm 1990-1994
246 _aökologisch, sozial, wirtschaftlich stark
260 _aBerlin
_bAlmanya Sosyal Demokrat Partisi (SPD)
_c1990
500 _aEser adı başında: regierungsprogramm 1990-1994
650 _aAlmanya Sosyal Demokrat Partisi (SPD)
_xParti programları
_y1990-1994
651 _aAlmanya
_xEkonomik güç
_y1990-1994
651 _aAlmanya
_xSosyal güç
_y1990-1994
651 _aAlmanya
_xSosyal demokrat partiler
_yParti programları
942 _2ddc
_cBKS
999 _c6106
_d6106